Post punk bands - Statistics

General Stats
  • This quiz has been taken 40 times
  • The average score is 6 of 13
Answer Stats
Notable Songs Band % Correct
Love Will Tear Us Apart, Transmission, Disorder Joy Division
97%
Psycho Killer, Once in a Lifetime, I Zimbra Talking Heads
97%
Blue Monday, Age of Consent New Order
89%
Marquee Moon, Little Johnny Jewel, Venus Television
65%
Mannequin, Ex Lion Tamer, Three Girl Rhumba The Wire
51%
Damaged Goods, At Home He's a Tourist, 5.45 Gang of Four
49%
Rise, The Order of Death, This is Not a Love Song Public Image Ltd
38%
That's When I Reach For My Revolver, Academy Fight Song Mission of Burma
30%
She is Beyond Good and Evil, We are all Prostitutes The Pop Group
27%
We're so Cool, It's Obvious Au Pairs
16%
Mind Your Own Business, You Delta 5
14%
Where are You, Memphis Egypt The Mekons
11%
Ideologically Unsound Poison Girls
3%
No matching quizzes found
Score Distribution
Percent of People with Each Score
Percentile by Number Answered
Your Score History
You have not taken this quiz